000 00846nam a22002417a 4500
003 LK-CoMWRAF
005 20231213103929.0
008 231213b2001 |||||||| |||| 00| 0 eng d
020 _a9555820201
040 _aLK-CoMWRAF
_dLK-CoMWRAF
_eLK-CoMWRAF
041 _aeng
082 _a303.6
_bJAY
100 _a Jayaweera, Neville
130 _aA history of ethnic conflict in Sri Lanka: recollection, reinterpretation & reconciliation
245 _a The role of the churches in the ethnic conflict
260 _aColombo:
_bMarga Institute,
_c2001
300 _a22 p. ; 23 cm
_bBibliography included
490 _aMarga monograph series on ethnic reconciliation
_vno. 17
650 _aChurch and social problems- Sri Lanka
650 _aEthnic conflict- Sri Lanka
650 _aTamil (Indic people)- Politics and government
942 _cBK
999 _c4391
_d4391